000 00489nam a2200145 a 4500
001 000040356
005 20201002034059.0
008 130822s1993 es a 000 0 spa d
040 _aDO-SdBNP
_bspa
_cBNPHU
082 _axxx
245 0 0 _aTradición oral de El Salvador /
_ccoordinadora Gloria Aracely de Gutiérrez.
260 _aMéxico :
_bDirección de publicaciones e impresos
_bConcultura,
_c1993.
300 _a114 p. :
_bil. ;
_c22 cm.
700 1 _aGutiérrez, Gloria Aracely de,
_966656
999 _c39846
_d39846